| 000 | 00625cam a2200145 4500 | ||
|---|---|---|---|
| 001 | ABS61035 | ||
| 008 | 000000n1999 000 0 eng u | ||
| 035 | _a(Sirsi) u101589 | ||
| 245 | _aHardisty v Stamper. | ||
| 260 | _c1999 | ||
| 490 |
_aRating & Valuation Reporter _v[1999] 39 R&VR, 120-122(3) |
||
| 520 | _aLT 23 February 1999. Appeal by the ratepayer against a decision by the East Yorkshire Valuation Tribunal. Held that despite H's claims that there were inconsistencies in the rating list, the assessment of a small shop with two other floors was confirmed. | ||
| 690 | _aRATING AND VALUATION-CASE LAW | ||
| 942 | _n0 | ||
| 999 |
_c60721 _d60721 |
||